2022-2023 Cyclocross World Cup race winners (women) - Statistics

General Stats
  • This quiz has been taken 9 times
  • The average score is 13 of 14
Answer Stats
Hint Answer % Correct
Waterloo (USA) Fem Van Empel
100%
Fayetteville (USA) Fem Van Empel
100%
Tabor (CZR) Fem Van Empel
100%
Maasmechelen (BEL) Fem Van Empel
100%
Antwerpen (BEL) Fem Van Empel
100%
Benidorm (SPA) Fem Van Empel
100%
Dublin (IRE) Fem Van Empel
88%
Overijse (BEL) Puck Pieterse
88%
Hulst (NED) Puck Pieterse
88%
Val Di Sole (ITA) Puck Pieterse
88%
Besançon (FRA) Puck Pieterse
88%
Beekse Bergen (NED) Shirin Van Anrooij
75%
Gavere (BEL) Shirin Van Anrooij
75%
Zonhoven (BEL) Shirin Van Anrooij
75%
No matching quizzes found
Score Distribution
Percent of People with Each Score
Percentile by Number Answered
Your Score History
You have not taken this quiz